Orígenes de apellidos (parte 2) - Estadísticas

Estadísticas generales
  • Esta prueba ha sido intentada 183 veces
    161 desde el último reinicio
  • La puntuación promedio es 7 de 12
Estadísticas de respuestas
Hint Respuesta % Correcto
Szewczyk Polaco
87%
Myoung Coreano
75%
O'Brien Irlandés
74%
Stanciu Rumano
73%
Waititi Maorí
65%
Kameāloha Hawaiano
63%
Bourdeu Occitano
60%
Hickling Inglés
55%
Lennox Escocés
51%
Chukwu Igbo
41%
Adebayo Yoruba
36%
Nikítina Ruso
30%
No se encontraron pruebas coincidentes
Distribución de puntuación
Porcentaje de gente con cada puntuación
Porcentaje por número respondido
Historial de tus puntuaciones
No has intentado esta prueba desde el último reinicio